[Event "FRA-chT Top 16 Gp Basse"]
[Site "Chartres"]
[Date "2022.06.19"]
[Round "4.1"]
[White "Bitbol Delaveyne, Maelan"]
[Black "Shirazi, Kamran"]
[Result "1-0"]
[WhiteElo "2104"]
[BlackElo "2305"]
[PlyCount "77"]
[EventDate "2022.06.16"]
[EventType "team-tourn"]
[EventRounds "4"]
[EventCountry "FRA"]
[SourceTitle "CBM 208 Extra"]
[Source "ChessBase"]
[SourceDate "2022.07.31"]
[SourceVersion "1"]
[SourceVersionDate "2022.07.31"]
[SourceQuality "1"]
[WhiteTeam "St Quentin"]
[BlackTeam "Tremblay en France"]
[WhiteTeamCountry "FRA"]
[BlackTeamCountry "FRA"]

1. Nf3 Nf6 2. g3 b6 3. Bg2 Bb7 4. 0-0 c5 5. c4 g6 6. Nc3 Qc8 7. Re1 Bg7 8. e4 Nc6 9. d3 d6 10. h3 0-0 11. Be3 e6 12. Rc1 a6 13. d4 e5 14. dxe5 dxe5 15. Bg5 Nd7 16. Nd5 f6 17. Be3 Rf7 18. h4 Qd8 19. Bh3 Nf8 20. Qb3 Bc8 21. Bxc8 Rxc8 22. Qxb6 Qe8 23. Qxa6 Ra7 24. Qb5 Rb8 25. Qxc5 Ne6 26. Qd6 Rd8 27. Qxc6 Qxc6 28. Bxa7 Kf7 29. Be3 Bf8 30. b4 Qa4 31. c5 Rb8 32. Re2 Nxc5 33. Bxc5 Bxc5 34. bxc5 Qa3 35. Rc3 Qa6 36. Re1 Qxa2 37. c6 Qb2 38. c7 Rc8 39. Rc6 1-0